Ozimina; (Record no. 16636)

MARC details
000 -LEADER
fixed length control field 00515cam a22002051 4500
001 - CONTROL NUMBER
control field ca 30000558
003 - CONTROL NUMBER IDENTIFIER
control field DLC
005 - DATE AND TIME OF LATEST TRANSACTION
control field 20260227111123.0
008 - FIXED-LENGTH DATA ELEMENTS--GENERAL INFORMATION
fixed length control field 760218s1924 xx 000 1 pol
010 ## - LIBRARY OF CONGRESS CONTROL NUMBER
LC control number ca 30000558
035 ## - SYSTEM CONTROL NUMBER
System control number (OCoLC)2000577
040 ## - CATALOGING SOURCE
Original cataloging agency DLC
Transcribing agency OT
Modifying agency DLC
042 ## - AUTHENTICATION CODE
Authentication code premarc
050 00 - LIBRARY OF CONGRESS CALL NUMBER
Classification number PG7158.B4
Item number O8
100 1# - MAIN ENTRY--PERSONAL NAME
Personal name Berent, Wacław,
Dates associated with a name 1873-1940.
245 10 - TITLE STATEMENT
Title Ozimina;
Remainder of title powieść.
260 ## - PUBLICATION, DISTRIBUTION, ETC.
Place of publication, distribution, etc. Lwów,
Name of publisher, distributor, etc. Wydawnictwo Polskie,
Date of publication, distribution, etc. 1924.
300 ## - PHYSICAL DESCRIPTION
Extent 240 p.
Dimensions 20 cm.
500 ## - GENERAL NOTE
General note Winter corn.

No items available.

Powered by Koha